Microsoft Publisher 2010: Comprehensive. (Record no. 4497)
[ view plain ]
| 005 - DATE AND TIME OF LATEST TRANSACTION | |
|---|---|
| control field | 20250620092519.0 |
| 020 ## - INTERNATIONAL STANDARD BOOK NUMBER | |
| International Standard Book Number | -13:978-0-74619-9 |
| 082 ## - DEWEY DECIMAL CLASSIFICATION NUMBER | |
| Classification number | 005.5 SHE |
| 100 ## - MAIN ENTRY--PERSONAL NAME | |
| Author name | SHELLY. G. B |
| 245 ## - TITLE STATEMENT | |
| Title | Microsoft Publisher 2010: Comprehensive. |
| 260 ## - PUBLICATION, DISTRIBUTION, ETC. | |
| Place of publication, distribution, etc. | New York, |
| Name of publisher, distributor, etc. | SHELLY. G. B, |
| Date of publication, distribution, etc. | 2010. |
| 300 ## - PHYSICAL DESCRIPTION | |
| Extent | xvi, 686p.; ill, figure, picture $ table |
| Other physical details | Appendix$ Indix |
| Dimensions | 27.3cm |
| 700 ## - ADDED ENTRY--PERSONAL NAME | |
| Other authors/Editors | STARKS.J. L. |
| 942 ## - ADDED ENTRY ELEMENTS (KOHA) | |
| Source of classification or shelving scheme | Dewey Decimal Classification |
| Koha item type | Books |
| Date last seen | Total checkouts | Full call number | Barcode | Cost, replacement price | Price effective from | Koha item type | Lost status | Source of classification or shelving scheme | Damaged status | Not for loan | Withdrawn status | Home library | Current library | Shelving location | Date acquired | Cost, normal purchase price |
|---|---|---|---|---|---|---|---|---|---|---|---|---|---|---|---|---|
| 06/20/2025 | 005.5 SHE | DOM0003540 | 105000.00 | 06/20/2025 | Books | Dewey Decimal Classification | CBE Dodoma | CBE Dodoma | Special Reserve Collection | 04/04/2020 | 35000.00 |
